Statistics for World Map with 10 Extra Borders

Click here to take the quiz!

General Stats

  • This quiz has been taken 3,290 times
  • The average score is 9 of 10

Answers on the Map

Answers color-coded by a green-red scale on the quiz's map according to % correct below.
Loading ...
 

Answer Stats

Country% Correct
United States
100%
Australia
99%
China
98%
Russia
98%
Argentina
96%
Sweden
96%
Algeria
89%
Sudan
89%
Mexico
86%
Peru
82%

Score Distribution

Percentile by Number Answered

Percent of People with Each Score

Your Score History

You have not taken this quiz